Movies Quiz

Random Movies Quiz

Pepsi in Movies (Slideshow) Quiz Stats

Quiz not verified by Sporcle

Challenge
Share
Tweet
Score 0/28 Timer 07:00
0 Plays Today
% Correct
Terminator 2: Judgement Day
92.5%
Back to the Future
88.3%
Twilight
81.9%
Step Brothers
81.8%
Wayne's World
81.1%
Big
77.7%
Superbad
76.4%
Kick-Ass
74%
Moneyball
73.6%
Fight Club
73.3%
Home Alone
68.5%
Goonies
65.5%
(500) Days of Summer
62.8%
Top Gun
61.7%
% Correct
Office Space
58.8%
Dodgeball: A True Underdog Story
56.7%
World War Z
51.1%
BASEketball
49.4%
Looper
47.2%
The A-Team
45.4%
Tremors
33.2%
Dude Where's My Car?
29%
Half Baked
27.7%
Cobra
26.6%
Total Recall
23.4%
Twister
23.1%
The Break Up
19.1%
Universal Soldier
11.2%

You're not logged in!

Compare scores with friends on all Sporcle quizzes.
Sign Up with Email
OR
Log In

You Might Also Like...

Show Comments

Extras

Editor's Pick Jun 17, 2014ReportNominate
Tags:pepsi, product, scene, Slideshow

Top Quizzes Today


Score Distribution

Your Account Isn't Verified!

In order to create a playlist on Sporcle, you need to verify the email address you used during registration. Go to your Sporcle Settings to finish the process.